|
|
|
|
| LEADER |
00000cas a2200000 c 4500 |
| 001 |
228230470 |
| 003 |
DE-627 |
| 005 |
20230411135409.0 |
| 007 |
tu |
| 008 |
970605d19251926xx z| p| 0 |0ger c |
| 016 |
7 |
|
|a 01878464X
|2 DE-101
|
| 016 |
7 |
|
|a 1383021-1
|2 DE-600
|
| 035 |
|
|
|a (DE-627)228230470
|
| 035 |
|
|
|a (DE-576)059413808
|
| 035 |
|
|
|a (DE-599)ZDB1383021-1
|
| 035 |
|
|
|a (OCoLC)312884905
|
| 040 |
|
|
|a DE-627
|b ger
|c DE-627
|e rakwb
|
| 041 |
|
|
|a ger
|
| 044 |
|
|
|c XA-DXDE
|
| 082 |
0 |
4 |
|a 230
|q DE-600
|
| 110 |
2 |
|
|e Verfasser
|0 (DE-588)5127422-X
|0 (DE-627)183884566
|0 (DE-576)195197828
|4 aut
|a Evangelisch-Reformierte Kirche
|g Dresden
|
| 245 |
1 |
0 |
|a Jahresbericht der Ev.-Reformierten Kirche zu Dresden
|b vom ..
|
| 264 |
3 |
1 |
|a Dresden
|c 1925-1926
|
| 336 |
|
|
|a Text
|b txt
|2 rdacontent
|
| 337 |
|
|
|a ohne Hilfsmittel zu benutzen
|b n
|2 rdamedia
|
| 338 |
|
|
|a Band
|b nc
|2 rdacarrier
|
| 362 |
0 |
|
|a 1925/26[?]
|
| 363 |
0 |
0 |
|i 1925/26
|
| 655 |
|
7 |
|a Zeitschrift
|0 (DE-588)4067488-5
|0 (DE-627)10454466X
|0 (DE-576)20917000X
|2 gnd-content
|
| 780 |
0 |
0 |
|i Vorg.
|a Evangelisch-Reformierte Gemeinde zu Dresden
|t Jahresbericht der Ev.-Reformierten Gemeinde zu Dresden
|d Dresden, 1923
|w (DE-627)228230454
|w (DE-600)1383020-X
|w (DE-576)059413794
|k Non-Electronic
|
| 935 |
|
|
|a SAXB
|a mteo
|
| 951 |
|
|
|a JT
|
| ELC |
|
|
|b 1
|
| ORI |
|
|
|a SA-MARC-ixtheo_oa001.raw
|